Implications Of Internet Marketing/ (Record no. 195838)

MARC details
000 -LEADER
fixed length control field 00625nam a22001937a 4500
005 - DATE AND TIME OF LATEST TRANSACTION
control field 20230504133629.0
010 ## - LCCN (DPL NO)
LC control number ENG-136765
020 ## - INTERNATIONAL STANDARD BOOK NUMBER
International Standard Book Number 9789388398688
Terms of availability 550.00
035 ## - SYSTEM CONTROL NUMBER
System control number EN-120297
037 ## - SOURCE OF ACQUISITION
Source of stock number/acquisition DBAD/PUB
082 ## - DEWEY DECIMAL CLASSIFICATION NUMBER
Classification number 343.09944
245 ## - TITLE STATEMENT
Title Implications Of Internet Marketing/
Statement of responsibility, etc By P.S Nagarajan
250 ## - EDITION STATEMENT
Edition statement First
260 ## - PUBLICATION, DISTRIBUTION, ETC. (IMPRINT)
Place of publication, distribution, etc Tamil Nadu
Name of publisher, distributor, etc Shanlax Publication
Date of publication, distribution, etc 2019
270 ## - ADDRESS
Address 61,66 T.P.K Main Road, Vasantha Nagar Madurai
City Tamil Nadu
Postal code 625003
Electronic mail address publishers@shanlaxpublications.com
300 ## - PHYSICAL DESCRIPTION
Extent 219p.;
Dimensions 23m(pbk)
700 ## - ADDED ENTRY--PERSONAL NAME
Personal name Nagarajan,P.S
Relator term Editor
942 ## - ADDED ENTRY ELEMENTS (KOHA)
Source of classification or shelving scheme Dewey Decimal Classification
Item type English Books
Classification part 343.09944
Call number suffix IMP
Holdings
Withdrawn status Lost status Not for loan Collection code Home library Current library Date acquired Source of acquisition Cost, normal purchase price Full call number Barcode Copy number Cost, replacement price Koha item type
      Non-fiction Shahdara Branch Shahdara Branch 04/05/2023 DBAD/PUB 550.00 343.09944 IMP EN-120297 1 550.00 English Books

© Delhi Public Library
Hit Counter
free hit counter